The won't learners : an answer to their cry /

Bibliographic Details
Main Author: Leiding, Darlene, 1943-
Format: Book
Language:English
Published: Lanham, Md. : Scarecrow Press, 2002.
Series:Innovations in education series ; 2.
Subjects:

MARC

Tag First Indicator Second Indicator Subfields
LEADER 00000cam a22000004a 4500
001 in00001707113
005 20151024173355.0
008 020306s2002 mdu b 000 0 eng
010 |a  2002021204 
020 |a 081084317X (alk. paper) 
020 |a 0810843021 (pbk. : alk. paper) 
035 |a (OCoLC)ocm49277091 
040 |a DLC  |c DLC  |d UtOrBLW 
042 |a pcc 
043 |a n-us--- 
049 |a TXAM 
050 0 0 |a LC4691  |b .L45 2002 
082 0 0 |a 371.93  |2 21 
100 1 |a Leiding, Darlene,  |d 1943- 
245 1 4 |a The won't learners :  |b an answer to their cry /  |c Darlene Leiding. 
264 1 |a Lanham, Md. :  |b Scarecrow Press,  |c 2002. 
300 |a xx, 165 pages ;  |c 24 cm. 
336 |a text  |b txt  |2 rdacontent 
337 |a unmediated  |b n  |2 rdamedia 
338 |a volume  |b nc  |2 rdacarrier 
490 1 |a Innovations in education series ;  |v 2 
500 |a "A ScarecrowEducation book." 
504 |a Includes bibliographical references (pages 159-163). 
650 0 |a Underachievers  |z United States. 
650 0 |a Dropouts  |z United States  |x Prevention. 
650 0 |a Educational change  |z United States. 
830 0 |a Innovations in education series ;  |v 2. 
945 |i PromptCat 
948 |a cataloged  |b h  |c 2002/12/4  |d c  |e dmitchel  |f 8:26:36 am 
994 |a 92  |b TXA 
999 |a MARS 
999 f f |s 63c50d90-4a05-3d0c-af64-3f4346972793  |i c5103b1f-6731-3021-8141-efe511512f62  |t 0 
952 f f |p normal  |a Texas A&M University  |b College Station  |c Sterling C. Evans Library  |d Evans: Library Stacks  |t 0  |e LC4691 .L45 2002  |h Library of Congress classification  |i unmediated -- volume  |m A14829567288 
998 f f |a LC4691 .L45 2002  |t 0  |l Evans: Library Stacks